1607 1060 1182 1514 1480 1504 1094 1420 1970 1975 1882 1247 1390 1891 1482 1115 1597 1205 1875 1678 1262 1865 1774 1894 1954 1521 1299 1260 1450 1331 1647 1020 1622 1022 1946 1851 1882 1565 1001 1399 1327 1790 1690 1316 1199 1071 1094 1089 1319 1213 1813 1473 1780 1350 1497 1736 1670 1451 1575 1499 1416 1621 1664 1227 1823 1248 1504 1330 1760 1064 1430 1081 1325 1460 1301 1674 1530 1227 1005 1177 1895 1464 1147 1682 1475 1164 1547 1005 1779 1773 1425 1796 1742 1149 1477 1576 1752 1771 1836 BCNSPRNW ULIB Ver.6.0+V

เปลี่ยนเป็นภาษาไทย

Change to English
 แสดงรายละเอียดบรรณานุกรม
  กลับหน้าหลัก

Brief Record : Get Marc (ISO 2709) : E-mail record : QR code < ปิดหน้าต่าง
LEADER : 00000nam 2200000uu 4500
001    13399128495
003     ULIB
008    230830s2565||||th 000 0 tha d
020    ^a9786167526669
060 04 ^aWA900.JT3^bต289
245 00 ^aตัวเลขต้องรู้เรื่องประชารกร 2564-2565 /^cบริษัทอัลฟารีเสิร์ช
260    ^aนนทบุรี :^bอัลฟา รีเสิร์ช,^c2565
300    ^a364 หน้า :^bภาพประกอบ ;^c30 ซม.
650  4 ^aประชากร^xสถิติ
650  4 ^aสาธารณสุข^xไทย^xสถิติ
710 2  ^aบริษัทอัลฟา รีเสิร์ช
945    ^p800^l0^i010257
999    ^aประนอม เกษจรัล
รายการนี้ยังไม่มีแท็ก
คุณยังไม่ได้ล็อกอิน คุณสามารถมีกิจกรรมร่วมกับเว็บไซต์ได้ แต่ต้องล็อกอินก่อน ::
  ล็อกอิน

รายการสื่อสารสนเทศ

ลำดับที่ ประเภท เลขเรียก/บาร์โค้ด สถานที่ สถานะ
1. วิทยาศาสตร์การแพทย์ และสุขภาพ
หนังสือสำรอง
สถานะ=หนังสือสำรอง
WA900.JT3 ต289 ฉ.1 
  Barcode: 010257
ห้องสมุดวิทยาเขตสวรรค์ประชารักษ์
►หนังสือทั่วไป
บนชั้น

BibComment


ยังไม่เคยถูกคอมเมนท์

คอมเมนท์ทรัพยากรรายการนี้
  คอมเมนท์: ตัวเลขต้องรู้เรื..


 Copyright 2026. Bcnsprnw @Library